Music Quiz

Random Music or Singers Quiz

First Names First: Singers Quiz Stats

 Plays Quiz Updated Oct 17, 2018

Score 0/20 Timer 02:30
5 Plays Today
Hint Answer % Correct
Kurt
93.3%
Freddie (Farrokh)
91.3%
David
90.8%
Frank (Francis)
89.8%
Jimi (James)
86.5%
Aretha
86.1%
Dolly
85.8%
Tina (Anna)
80.7%
Phil (Philip)
80.3%
Janis
80%
Hint Answer % Correct
Paul
76.6%
Axl (William)
74.3%
Cyndi (Cynthia)
72.5%
Annie (Ann)
67.2%
Reba
66.7%
Joan
60.7%
Stevie (Stephanie)
59.2%
Pat (Patricia)
46.4%
Brian
39.8%
Eddie (Edward)
36.7%

You're not logged in!

Compare scores with friends on all Sporcle quizzes.
OR
Log In

Sporcle TV

Today on Sporcle TV


Watch our educational content, quiz creation guides, and fun videos on Sporcle TV.

Show Comments

Extras

Top Quizzes Today


Score Distribution

Your Account Isn't Verified!

In order to create a playlist on Sporcle, you need to verify the email address you used during registration. Go to your Sporcle Settings to finish the process.

Report this User

Report this user for behavior that violates our Community Guidelines.

Details: